[Event "Mid Bohemia Region-chT 2223"]
[Site "Czech Republic"]
[Date "2023.02.12"]
[Round "8.8"]
[White "Nemecek, Pavel"]
[Black "Tresnak, Lukas"]
[Result "1/2-1/2"]
[WhiteElo "1881"]
[BlackElo "1851"]
[PlyCount "71"]
[EventDate "2022.10.09"]
[EventType "team-tourn"]
[EventRounds "11"]
[EventCountry "CZE"]
[SourceTitle "EXT 2024"]
[Source "ChessBase"]
[SourceDate "2023.10.10"]
[SourceVersion "1"]
[SourceVersionDate "2023.10.10"]
[SourceQuality "1"]
[WhiteTeam "Nymburk Sokol"]
[BlackTeam "Zdice"]
[WhiteTeamCountry "CZE"]
[BlackTeamCountry "CZE"]

1. e4 d5 2. exd5 Qxd5 3. Nc3 Qa5 4. d4 c6 5. Nf3 Bg4 6. h3 Bh5 7. g4 Bg6 8. Ne5 Nf6 9. Bg2 Nbd7 10. Nc4 Qc7 11. Qe2 e6 12. d5 Nxd5 13. Nxd5 cxd5 14. Bxd5 0-0-0 15. Bg2 Nb6 16. Nxb6+ Qxb6 17. Be3 Qa5+ 18. Bd2 Qc7 19. 0-0 Bc5 20. Be3 Rd7 21. b4 Bd4 22. c3 Bxe3 23. Qxe3 Kb8 24. Rfc1 Rhd8 25. c4 Rd3 26. Qe1 Qf4 27. c5 Rc8 28. b5 h5 29. b6 a6 30. gxh5 Bxh5 31. Qe4 Qxe4 32. Bxe4 Rxh3 33. c6 bxc6 34. Bxc6 Bf3 35. Bxf3 Rxf3 36. Rd1 1/2-1/2

[Event "Ricany op-A"]
[Site "Ricany"]
[Date "2019.08.31"]
[Round "9"]
[White "Groh, Jiri"]
[Black "Nemecek, Pavel"]
[Result "0-1"]
[WhiteElo "2001"]
[BlackElo "1801"]
[PlyCount "124"]
[EventDate "2019.08.24"]
[EventType "swiss"]
[EventRounds "9"]
[EventCountry "CZE"]
[SourceTitle "EXT 2020"]
[Source "ChessBase"]
[SourceDate "2019.10.17"]
[SourceVersion "1"]
[SourceVersionDate "2019.10.17"]
[SourceQuality "1"]

1. Nf3 Nf6 2. c4 g6 3. e3 Bg7 4. Be2 0-0 5. 0-0 d6 6. Nc3 e5 7. d4 Nbd7 8. Qc2 Ne8 9. dxe5 Nxe5 10. e4 Bd7 11. Nxe5 Bxe5 12. f4 Bd4+ 13. Kh1 f5 14. Nb5 Bg7 15. Be3 a6 16. Nc3 Nf6 17. c5 fxe4 18. cxd6 cxd6 19. Nxe4 Bc6 20. Ng5 Qe8 21. Bd4 Rc8 22. Qd1 h6 23. Re1 Qd7 24. Bxf6 hxg5 25. Bg4 Bxg2+ 26. Kxg2 Qc6+ 27. Qf3 Rxf6 28. Bxc8 Qxc8 29. Rac1 Qd7 30. Qd5+ Kh7 31. Qxg5 Rf5 32. Qg4 Qf7 33. Qh3+ Rh5 34. Qf3 Rf5 35. Re2 Be5 36. Rec2 d5 37. Qh3+ Rh5 38. fxe5 Rxh3 39. Rc7 Rf3 40. Rxf7+ Rxf7 41. Rd1 Rc7 42. e6 Kg7 43. Rxd5 Kf6 44. Rd7 Rxd7 45. exd7 Ke7 46. Kf3 Kxd7 47. Kg4 Ke6 48. Kg5 Kf7 49. Kh6 Kf6 50. h4 b6 51. b4 a5 52. a3 axb4 53. axb4 b5 54. Kh7 g5 55. hxg5+ Kxg5 56. Kg7 Kf5 57. Kh6 Ke5 58. Kg5 Kd4 59. Kf4 Kc4 60. Ke3 Kxb4 61. Kd2 Kb3 62. Kc1 Ka2 0-1

[Event "Ricany op-A"]
[Site "Ricany"]
[Date "2019.08.24"]
[Round "1"]
[White "Nemecek, Pavel"]
[Black "Stanek, Ondrej1111"]
[Result "1/2-1/2"]
[WhiteElo "1801"]
[BlackElo "2047"]
[PlyCount "102"]
[EventDate "2019.08.24"]
[EventType "swiss"]
[EventRounds "9"]
[EventCountry "CZE"]
[SourceTitle "EXT 2020"]
[Source "ChessBase"]
[SourceDate "2019.10.17"]
[SourceVersion "1"]
[SourceVersionDate "2019.10.17"]
[SourceQuality "1"]

1. e4 c6 2. Nc3 d5 3. Nf3 Bg4 4. h3 Bxf3 5. Qxf3 e6 6. d3 Nd7 7. Bd2 Ngf6 8. g4 h6 9. Bg2 Bd6 10. 0-0-0 d4 11. Ne2 Ne5 12. Qg3 Ng6 13. f4 e5 14. Qf2 exf4 15. Qxd4 Nh4 16. e5 f3 17. exd6 fxg2 18. Rhg1 0-0 19. Qf2 Ng6 20. Rxg2 Qxd6 21. h4 Qe6 22. g5 Ng4 23. Qd4 h5 24. Ng3 Rad8 25. Qc3 Qe5 26. Nxh5 Qxc3 27. bxc3 N4e5 28. Rh1 Nf3 29. Nf4 Nxd2 30. Nxg6 fxg6 31. Kxd2 Rf4 32. Re2 Kf7 33. h5 gxh5 34. Rxh5 Rd5 35. c4 Rdf5 36. Rh8 Kg6 37. Rb8 Rf7 38. Re5 R4f5 39. Rbe8 Kxg5 40. R5e6 R5f6 41. R6e7 g6 42. Re5+ Rf5 43. Re4 Rg7 44. Ke3 Ra5 45. Kd4 Rd7+ 46. Kc3 Rf5 47. d4 Rf3+ 48. Kd2 Rf4 49. R8e5+ Kg4 50. Ke3 Rxe4+ 51. Kxe4 Rf7 1/2-1/2

[Event "Prague op-B 18th"]
[Site "Prague"]
[Date "2019.01.18"]
[Round "9"]
[White "Nemecek, Pavel"]
[Black "Turp, Hueseyin"]
[Result "1-0"]
[WhiteElo "1814"]
[BlackElo "1652"]
[PlyCount "125"]
[EventDate "2019.01.11"]
[EventType "swiss"]
[EventRounds "9"]
[EventCountry "CZE"]
[SourceTitle "CBM 188 Extra"]
[Source "ChessBase"]
[SourceDate "2019.02.26"]
[SourceVersion "1"]
[SourceVersionDate "2019.02.26"]
[SourceQuality "1"]

1. e4 c6 2. Nc3 d5 3. Nf3 Bg4 4. h3 Bh5 5. exd5 cxd5 6. Bb5+ Nc6 7. g4 Bg6 8. Ne5 Qd6 9. d4 a6 10. Bxc6+ bxc6 11. Bf4 Qe6 12. Na4 h5 13. Nc5 Qc8 14. Nxg6 fxg6 15. Qd3 Kf7 16. gxh5 Rxh5 17. 0-0-0 Qf5 18. Qg3 e5 19. Be3 Bxc5 20. dxc5 d4 21. Bd2 Nf6 22. Qb3+ Kf8 23. Rhg1 Nd5 24. Rg3 Qf7 25. Rdg1 Ne7 26. Qb7 Qe8 27. Bg5 Nf5 28. Ra3 Qc8 29. Qxc8+ Rxc8 30. h4 Ra8 31. Rb3 Kf7 32. Rb6 Rc8 33. Rxa6 Ke6 34. b4 Kd5 35. Ra7 Ke4 36. Re1+ Kd5 37. a3 Rhh8 38. Rd7+ Kc4 39. Rxe5 Kc3 40. Bd2+ Kc4 41. Re4 Rxh4 42. Rxh4 Nxh4 43. Rxg7 Rf8 44. f4 Ng2 45. Rxg6 Nxf4 46. Rxc6 d3 47. Rh6 Ne2+ 48. Kb2 dxc2 49. Rh4+ Kd3 50. Bh6 Rf1 51. Rh3+ Kc4 52. Kxc2 Nd4+ 53. Kd2 Nb3+ 54. Ke2 Ra1 55. c6 Rxa3 56. Rh4+ Nd4+ 57. Kd2 Kd5 58. c7 Ra8 59. Rh5+ Kc6 60. Rc5+ Kb7 61. Bf4 Ne6 62. Rb5+ Kc8 63. Rb8+ 1-0

[Event "Prague op-B 18th"]
[Site "Prague"]
[Date "2019.01.12"]
[Round "3"]
[White "Nemecek, Pavel"]
[Black "Juhanak, Daniel"]
[Result "1/2-1/2"]
[WhiteElo "1814"]
[BlackElo "1498"]
[PlyCount "46"]
[EventDate "2019.01.11"]
[EventType "swiss"]
[EventRounds "9"]
[EventCountry "CZE"]
[SourceTitle "CBM 188 Extra"]
[Source "ChessBase"]
[SourceDate "2019.02.26"]
[SourceVersion "1"]
[SourceVersionDate "2019.02.26"]
[SourceQuality "1"]

1. e4 e6 2. d4 d5 3. e5 c5 4. c3 Nc6 5. Nf3 Bd7 6. Be2 Qb6 7. 0-0 cxd4 8. cxd4 Nh6 9. b3 Nf5 10. Bb2 Be7 11. g4 Nh6 12. h3 f6 13. exf6 gxf6 14. Qd2 Nf7 15. Nc3 h5 16. g5 fxg5 17. Na4 Qc7 18. Rac1 g4 19. hxg4 hxg4 20. Ne5 Bg5 21. Qd3 Bxc1 22. Rxc1 Qd6 23. Qg6 Ncxe5 1/2-1/2

[Event "Prague Golden op 14th"]
[Site "Prague"]
[Date "2018.07.08"]
[Round "9"]
[White "Pokorny, Jan1111"]
[Black "Nemecek, Pavel"]
[Result "1/2-1/2"]
[WhiteElo "1879"]
[BlackElo "1886"]
[PlyCount "86"]
[EventDate "2018.06.30"]
[EventType "swiss"]
[EventRounds "9"]
[EventCountry "CZE"]
[SourceTitle "CBM 185 Extra"]
[Source "ChessBase"]
[SourceDate "2018.07.29"]
[SourceVersion "1"]
[SourceVersionDate "2018.07.29"]
[SourceQuality "1"]

1. d4 Nf6 2. c4 g6 3. b3 Bg7 4. Bb2 0-0 5. e3 c5 6. Nf3 d6 7. Bd3 Nc6 8. a3 Qc7 9. d5 Ne5 10. Nxe5 dxe5 11. e4 e6 12. 0-0 exd5 13. cxd5 Ne8 14. Nd2 f5 15. f3 f4 16. Rc1 Qe7 17. Bc3 Bd7 18. b4 b5 19. bxc5 Qxc5+ 20. Kh1 Qxa3 21. Nb1 Qd6 22. Qb3 a5 23. Bxb5 Rb8 24. Na3 Nc7 25. Bxa5 Nxb5 26. Bb4 Nxa3 27. Bxd6 Rxb3 28. Bxf8 Bxf8 29. Rc7 Bb5 30. Rfc1 Nc4 31. h3 Ne3 32. Rb7 Bc4 33. Rc7 Ba3 34. R7xc4 Nxc4 35. Rxc4 Rb1+ 36. Kh2 Be7 37. g4 fxg3+ 38. Kxg3 Rb2 39. Rc7 Kf8 40. h4 h5 41. Rc6 g5 42. Re6 Bb4 43. hxg5 Be1+ 1/2-1/2

[Event "Prague Golden op 14th"]
[Site "Prague"]
[Date "2018.07.01"]
[Round "2"]
[White "Nemecek, Pavel"]
[Black "Feierfeil, Jiri"]
[Result "1-0"]
[WhiteElo "1886"]
[BlackElo "1807"]
[PlyCount "71"]
[EventDate "2018.06.30"]
[EventType "swiss"]
[EventRounds "9"]
[EventCountry "CZE"]
[SourceTitle "CBM 185 Extra"]
[Source "ChessBase"]
[SourceDate "2018.07.29"]
[SourceVersion "1"]
[SourceVersionDate "2018.07.29"]
[SourceQuality "1"]

1. e4 c5 2. Nc3 Nc6 3. g3 e5 4. Bg2 d6 5. d3 Nf6 6. h3 Be6 7. f4 exf4 8. Bxf4 Ne5 9. Nd5 Nfd7 10. Qd2 b5 11. Ne2 a5 12. 0-0 Nb6 13. Be3 Bxd5 14. exd5 Be7 15. Nf4 0-0 16. Rf2 Nbd7 17. Raf1 a4 18. Qe2 b4 19. Be4 Nf6 20. Bg2 Rc8 21. Bxc5 Nxd3 22. Bxd6 Bxd6 23. Nxd3 b3 24. axb3 axb3 25. cxb3 Qb6 26. Kh1 Rce8 27. Qd1 Ne4 28. Bxe4 Rxe4 29. Rxf7 Rxf7 30. Rxf7 Qd4 31. Rd7 Qxd5 32. Qf3 h6 33. Rd8+ Kh7 34. Rxd6 Re1+ 35. Nxe1 Qxd6 36. Qd3+ 1-0

[Event "Ricany op-A"]
[Site "Ricany"]
[Date "2017.08.29"]
[Round "5"]
[White "Vavrinec, Tomas"]
[Black "Nemecek, Pavel"]
[Result "1/2-1/2"]
[WhiteElo "1960"]
[BlackElo "1750"]
[PlyCount "200"]
[EventDate "2017.08.26"]
[EventType "swiss"]
[EventRounds "9"]
[EventCountry "CZE"]
[SourceTitle "CBM 180 Extra"]
[Source "ChessBase"]
[SourceDate "2017.10.06"]
[SourceVersion "1"]
[SourceVersionDate "2017.10.06"]
[SourceQuality "1"]

1. Nf3 Nf6 2. c4 g6 3. g3 Bg7 4. Bg2 0-0 5. 0-0 d6 6. Nc3 c6 7. d3 Nbd7 8. Rb1 d5 9. cxd5 Nxd5 10. Bd2 N7b6 11. Qc2 Be6 12. Ne4 Nd7 13. Neg5 Bg4 14. h3 Bxf3 15. Nxf3 e5 16. b4 Rc8 17. Qb3 Re8 18. Ng5 N7f6 19. e4 h6 20. exd5 hxg5 21. dxc6 bxc6 22. Bxg5 Qd6 23. Rfc1 c5 24. bxc5 Rxc5 25. Rxc5 Qxc5 26. Qa4 Rd8 27. Be3 Qc3 28. Qxa7 Rxd3 29. a4 Nh5 30. Be4 Rd8 31. Bf3 Nf4 32. Qb6 Re8 33. gxf4 exf4 34. Qc5 fxe3 35. Qxc3 Bxc3 36. fxe3 Rxe3 37. Kg2 Be5 38. Rb5 f6 39. Rb7 Ra3 40. Bd5+ Kf8 41. Bb3 g5 42. Kf3 Ra1 43. Kg4 Rg1+ 44. Kf5 Rg3 45. a5 Rxh3 46. a6 Bd4 47. Kg6 g4 48. Be6 Ra3 49. Bc4 g3 50. Rf7+ Ke8 51. Bb5+ Kd8 52. Rd7+ Kc8 53. Rxd4 g2 54. Rg4 Ra5 55. Bc6 Rxa6 56. Bxg2 Kd7 57. Rb4 Kd6 58. Rb5 Ke7 59. Rb7+ Ke6 60. Rb5 Ke7 61. Bd5 Rd6 62. Kf5 Rd7 63. Ke4 Rc7 64. Rb6 Rd7 65. Re6+ Kf7 66. Ra6+ Kg7 67. Be6 Rc7 68. Bf5 Re7+ 69. Kf4 Rc7 70. Be4 Re7 71. Ra3 Rd7 72. Kf5 Rc7 73. Rg3+ Kf8 74. Rg4 Rg7 75. Rh4 Ke7 76. Bd5 Rg5+ 77. Ke4 f5+ 78. Ke5 f4+ 79. Ke4 Kd6 80. Rh6+ Kc5 81. Rc6+ Kb5 82. Rf6 Kc5 83. Be6 Rg1 84. Rxf4 Re1+ 85. Kf5 Kd6 86. Rd4+ Kc5 87. Rd5+ Kc6 88. Rd2 Kc5 89. Bd5 Kd6 90. Be4+ Kc5 91. Ke5 Kc4 92. Rc2+ Kb3 93. Rc8 Kb4 94. Kd4 Rd1+ 95. Bd3 Rh1 96. Rb8+ Ka5 97. Rb5+ Ka4 98. Rb2 Ka5 99. Be4 Rh4 100. Kc5 Rxe4 1/2-1/2

[Event "Pardubice Czech op-C 28th"]
[Site "Pardubice"]
[Date "2017.07.26"]
[Round "6"]
[White "Nemecek, Pavel"]
[Black "Novotny, Josef"]
[Result "0-1"]
[WhiteElo "1798"]
[BlackElo "2074"]
[PlyCount "82"]
[EventDate "2017.07.22"]
[EventType "swiss"]
[EventRounds "9"]
[EventCountry "CZE"]
[SourceTitle "CBM 179 Extra"]
[Source "ChessBase"]
[SourceDate "2017.08.23"]
[SourceVersion "1"]
[SourceVersionDate "2017.08.23"]
[SourceQuality "1"]

1. e4 e6 2. d4 d6 3. Nf3 Nf6 4. Nc3 Be7 5. Be2 c6 6. a4 Nbd7 7. 0-0 Qc7 8. h3 h6 9. Bf4 g5 10. Bh2 g4 11. hxg4 Nxg4 12. Bg3 h5 13. Nh2 Nxh2 14. Bxh2 h4 15. Bg4 Nf8 16. b4 Bd7 17. b5 Qa5 18. bxc6 bxc6 19. Qf3 Rg8 20. Bh5 Ng6 21. Rfb1 0-0-0 22. Nb5 cxb5 23. Bxd6 Bxd6 24. e5 Bb8 25. axb5 Qb6 26. Qc3+ Qc7 27. Qa3 Nf4 28. Bf3 Rxg2+ 29. Kh1 Rdg8 30. Rb3 Kd8 31. Bxg2 Rxg2 32. Rc3 Qb7 33. Qf8+ Be8 34. f3 Rg3 35. Qh6 Rh3+ 36. Kg1 Ne2+ 37. Kg2 Rg3+ 38. Kf2 Nxc3 39. Qxh4+ Qe7 40. Qxg3 Nxb5 41. Rb1 Bc7 0-1

[Event "Prague Golden op 13th"]
[Site "Prague"]
[Date "2017.07.06"]
[Round "6"]
[White "Nemecek, Pavel"]
[Black "Husa, Daniel"]
[Result "1/2-1/2"]
[WhiteElo "1798"]
[BlackElo "1602"]
[PlyCount "54"]
[EventDate "2017.07.01"]
[EventType "swiss"]
[EventRounds "9"]
[EventCountry "CZE"]
[SourceTitle "CBM 179 Extra"]
[Source "ChessBase"]
[SourceDate "2017.08.23"]
[SourceVersion "1"]
[SourceVersionDate "2017.08.23"]
[SourceQuality "1"]

1. e4 e6 2. d4 d5 3. e5 c5 4. c3 Nc6 5. Nf3 Qb6 6. a3 f6 7. b4 cxd4 8. cxd4 Be7 9. Be2 Bd7 10. 0-0 g6 11. Nc3 Bf8 12. Na4 Qc7 13. Bf4 f5 14. Rc1 a6 15. Nc5 h6 16. Nh4 Nge7 17. Be3 Bg7 18. Nxg6 Nxg6 19. Bh5 Kf7 20. Nd3 Qd8 21. Nf4 Nce7 22. h4 Rg8 23. Bxg6+ Nxg6 24. Qh5 Bf8 25. g3 Rc8 26. Nh3 Rxc1 27. Rxc1 Rh8 1/2-1/2

[Event "Mlada Boleslav Region-ch"]
[Site "Mlada Boleslav"]
[Date "2015.06.20"]
[Round "3"]
[White "Nemecek, Pavel"]
[Black "Stastny, Adam"]
[Result "1-0"]
[WhiteElo "1364"]
[BlackElo "1051"]
[PlyCount "41"]
[EventDate "2015.06.20"]
[EventType "swiss"]
[EventRounds "7"]
[EventCountry "CZE"]
[SourceTitle "EXT 2017"]
[Source "ChessBase"]
[SourceDate "2016.10.25"]
[SourceVersion "1"]
[SourceVersionDate "2016.10.25"]
[SourceQuality "1"]

1. e4 e5 2. Nf3 Nc6 3. Bc4 Bc5 4. c3 Nf6 5. d4 exd4 6. cxd4 Bb4+ 7. Bd2 Nxe4 8. Bxb4 Nxb4 9. Bxf7+ Kxf7 10. Qb3+ Ke8 11. Qxb4 d6 12. 0-0 Bg4 13. Qb3 Qf6 14. Re1 Bf5 15. Nbd2 Kd8 16. Nxe4 Qg6 17. Ng3 Re8 18. Qxb7 Rc8 19. Rxe8+ Kd7 20. Qxc8+ Kc6 21. Nxf5 1-0

[Event "Kouty nad Desnou op-B"]
[Site "Kouty nad Desnou"]
[Date "2014.03.15"]
[Round "9"]
[White "Helebrand, Frantisek"]
[Black "Nemecek, Pavel"]
[Result "1/2-1/2"]
[WhiteElo "1679"]
[BlackElo "1816"]
[PlyCount "43"]
[EventDate "2014.03.08"]
[EventType "swiss"]
[EventRounds "9"]
[EventCountry "CZE"]
[SourceTitle "EXT 2015"]
[Source "ChessBase"]
[SourceDate "2014.11.20"]
[SourceVersion "1"]
[SourceVersionDate "2014.11.20"]
[SourceQuality "1"]

1. e4 d5 2. exd5 Nf6 3. d4 Nxd5 4. Nf3 Bg4 5. Be2 e6 6. c3 Nc6 7. h3 Bh5 8. Nbd2 Nf4 9. 0-0 Nxe2+ 10. Qxe2 Be7 11. Ne4 0-0 12. Ng3 Bg6 13. Bf4 Bd6 14. Bxd6 cxd6 15. Rfe1 a6 16. Rad1 Qa5 17. a3 Ne7 18. Nh4 Rac8 19. Nxg6 hxg6 20. Ne4 Rfd8 21. Qf3 Rc6 22. Qf4 1/2-1/2

[Event "CZE-Cup01 sf bd01 email"]
[Site "Czech email"]
[Date "2003.??.??"]
[Round "?"]
[White "Nemecek, Pavel"]
[Black "Hurka, Jiri"]
[Result "1-0"]
[WhiteElo "2035"]
[BlackElo "1800"]
[PlyCount "59"]
[EventDate "2003.??.??"]
[EventType "tourn (corr)"]
[EventRounds "14"]
[EventCountry "CZE"]
[SourceTitle "Corr 2006"]
[Source "ChessBase"]
[SourceDate "2006.04.01"]
[SourceVersion "3"]
[SourceVersionDate "2006.04.01"]
[SourceQuality "1"]

1. e4 e5 2. Nf3 Nc6 3. Bb5 a6 4. Ba4 Nf6 5. 0-0 b5 6. Bb3 Bb7 7. Re1 Bc5 8. c3 Ng4 9. d4 exd4 10. h3 Nxf2 11. Kxf2 dxc3+ 12. Kg3 cxb2 13. Bxb2 Qe7 14. Kh2 0-0 15. Nc3 Bd6+ 16. Kh1 Na5 17. Nd5 Bxd5 18. Qd4 Qf6 19. Qxf6 gxf6 20. exd5 c5 21. dxc6 dxc6 22. Bxf6 Rfe8 23. Rxe8+ Rxe8 24. Rd1 Bg3 25. Bc2 Nc4 26. Be4 h6 27. Rd8 Rxd8 28. Bxd8 c5 29. Bb7 a5 30. Ba6 1-0